000 00859nam a2200241 a 4500
001 000047754
003 DO-SdBNP
005 20250711124154.0
008 100903s2001 dr b 000 0 spa d
040 _aDO-SdBNP
_bspa
_cBNPHU
082 _a379.7293697
_bR426s, 2001
110 1 _aRepública Dominicana.
_bSecretaría de Estado de Educación, Bellas Artes y Cultos.
_bPlan Decenal de Educación
_937470
245 1 0 _aSíntesis del plan decenal de educación de la regional de Mao
260 _aSanto Domingo :
_bDe Colores,
_c[2001].
300 _a690 p. :
_bmapa. ;
_c26 cm.
490 1 _aRegional
_v4
590 _aInventariado, 2018/YL
650 4 _aEducación y estado
_951256
650 0 _aPlanificación educativa
_917484
650 4 _aEducación
_z(República Dominicana, Mao {Rpara}
_975357
830 0 _aRegional
_v4
_944463
942 _2ddc
_cLBS1
999 _c47242
_d47242